Toontown: Gags - Statistics

General Stats
  • This quiz has been taken 8 times
    7 since last reset
  • The average score is 35 of 49
Answer Stats
Gag % Correct
Anvil
83%
Bamboo Cane
83%
Banana Peel
83%
Big Magnet
83%
Bike Horn
83%
Birthday Cake
83%
Elephant Trunk
83%
Feather
83%
Fire Hose
83%
Foghorn
83%
Geyser
83%
Glass of Water
83%
Hypno Goggles
83%
Juggling Balls
83%
Lipstick
83%
Opera Singer
83%
Railroad
83%
Small Magnet
83%
Squirting Flower
83%
Storm Cloud
83%
Trapdoor
83%
Wedding Cake
83%
Whistle
83%
Bugle
67%
Cream Pie Slice
67%
Cupcake
67%
Flower Pot
67%
Fruit Pie Slice
67%
Grand Piano
67%
High Dive
67%
Pixie Dust
67%
Quicksand
67%
Rake
67%
Safe
67%
Sandbag
67%
Seltzer Bottle
67%
Toontanic
67%
Whole Cream Pie
67%
$10 Bill
50%
$1 Bill
50%
$5 Bill
50%
Aoogah
50%
Big Weight
50%
Marbles
50%
Megaphone
50%
Presentation
50%
Squirt Gun
50%
TNT
50%
Whole Fruit Pie
50%
No matching quizzes found
Score Distribution
Percent of People with Each Score
Percentile by Number Answered
Your Score History
You have not taken this quiz since the last reset